Guess 15 colombian footballers by image - Statistics

General Stats
  • This quiz has been taken 231 times
  • The average score is 12 of 15
Answer Stats
Picture Answer % Correct
James Rodríguez
97%
Luis Díaz
96%
Radamel Falcao
95%
Juan Cuadrado
91%
David Ospina
86%
Yerry Mina
82%
Carlos Valderrama
77%
Davinson Sánchez
77%
Duvan Zapata
75%
René Higuita
75%
Carlos Bacca
70%
Luis Muriel
65%
Ivan Cordoba
64%
Jackson Martínez
59%
Fredy Guarin
52%
No matching quizzes found
Score Distribution
Percent of People with Each Score
Percentile by Number Answered
Your Score History
You have not taken this quiz